La explotación cafetalera en Guatemala 1930-1940: un estudio histórico /

Estudia la economía cafetalera en Guatemala en el periodo de 1930 a 1940, considerando los factores externos e internos que sobre ella influyeron - Analiza la producción cafetalera y demuestra como la crisis económica mundial de 1929 repercutio a nivel de la economía cafetalera, afectando directamen...

Ամբողջական նկարագրություն

Պահպանված է:
Մատենագիտական մանրամասներ
Հիմնական հեղինակ: Montenegro Ríos, Carlos Roberto
Ձևաչափ: Թեզիս
Հրապարակվել է: Guatemala: USAC
Ցուցիչներ: Ավելացրեք ցուցիչ
Չկան պիտակներ, Եղեք առաջինը, ով նշում է այս գրառումը!

MARC

LEADER 00000 a a2200000 04500
001 20477
003
040 |a CRAI/IIS  |c CRAI/IIS 
090 |a 08588.00  
100 |a Montenegro Ríos, Carlos Roberto  
245 |a La explotación cafetalera en Guatemala 1930-1940:   |b un estudio histórico /  |c Carlos Roberto Montenegro Ríos  
260 |a Guatemala:   |b USAC  
300 |a 329 páginas  
502 |a Tesis (Licenciado en Historia) -- Universidad de San Carlos de Guatemala. Escuela de Historia, 1976  
520 |a Estudia la economía cafetalera en Guatemala en el periodo de 1930 a 1940, considerando los factores externos e internos que sobre ella influyeron - Analiza la producción cafetalera y demuestra como la crisis económica mundial de 1929 repercutio a nivel de la economía cafetalera, afectando directamente su producción y originando una reorganización de las relaciones de producción. Plantea la forma en que la comercialización del café se vio afectada por el desplazamiento del poder hegemónico de Alemania (que era el principal comprador de café) a los Estados Unidos. Expone los mecanismos utilizados por el gobierno (en manos del dictador Ubico) para normar las relaciones de producción del café por medio de la coación extraeconómica y económica  
999 |c 18106  |d 18106